| 000 | 00729nam a2200181Ia 4500 | ||
|---|---|---|---|
| 008 | 151018s9999 xx 000 0 und d | ||
| 082 |
_bRBASDV7801 _a891.463 |
||
| 100 | _aचंद्रकांत काकोडकर | ||
| 245 | _aप्रीत नव्हे ही गोड भुलावण | ||
| 250 | _b1 | ||
| 260 |
_bसिधदार्थ साहित्य _c1969 |
||
| 300 | _a116 | ||
| 600 | _aचंद्रकांत काकोडकर | ||
| 630 | _aप्रीत नव्हे ही गोड भुलावण | ||
| 700 | _aचंद्रकांत काकोडकर | ||
| 730 | _aप्रीत नव्हे ही गोड भुलावण | ||
| 942 | _cBOOK | ||
| 999 |
_c1010166 _d1010163 |
||